000 00962nam a2200217 i 4500
001 46682
003 ES-MaACL
005 20230906161428.0
007 t|
008 030331m19621963sp ||||1| spa d
080 _a908(234.12)(063)
111 2 _aCongreso Internacional de Estudios Pirenaicos (
_n3º.
_d1958.
_cGerona)
_9427
245 1 0 _aActas del tercer Congreso Internacional de Estudios Pirenaicos :
_bGerona, 1958.
260 _aJaca :
_bInstituto de Estudios Pirenaicos,
_c[1962-1963]
300 _a4 v. :
_bil. ;
_c24 cm.
505 8 _aContiene: 1. Sección I. Geología, morfología y geofísica (169 p.) -- 2. Sección II. Climatología, edafología, botánica y zoología (227 p.) -- 4. Sección IV. Geografía (130 p.) -- 6. Sección VI. Filología (225 p.)
546 _aTextos en español y francés.
651 4 _aPirineos-
_vCongresos y asambleas.
_9168001
710 2 _aInstituto de Estudios Pirenaicos.
_94922
852 4 _aES-MaACL
_jP-743
999 _c46682
_d46682